Name A City From A-Z On A Map - Statistics

General Stats
  • This quiz has been taken 53 times
  • The average score is 16 of 26
Answers on the Map
Answers color-coded by a green-red scale on the quiz's map according to % correct below.
 
Answer Stats
Hint Letter Answer % Correct
Saddle S Sydney
96%
Pachyderma P Panama City
91%
Backlog B Beijing
89%
Machinates M Montevideo
87%
Abandoned A Amsterdam
84%
Oary O Oslo
82%
Unequivocal | Ultraleft U Ulaanbaatar
82%
Vacant V Vienna
82%
Hydrocephalus H Ho Chi Minh City
80%
Kadi K Kiev
78%
Ragde R Rabat
78%
Tabers T Tirana
78%
Xdiv X Xi'an
76%
Cabbage C Cardiff
71%
Yackety Y Yerevan
69%
Jail J Juba
64%
Gadgetry G Gaborone
58%
Nachos N Niamey
58%
Waddling W Winnipeg
56%
Fabricate F Fortaleza
44%
Labises L Lucknow
38%
Dacoities D Des Moines
36%
Qabala Q Quetta
24%
Iceball I Izhevsk
9%
Zygomatic Z Zacatecas
9%
Eaglestone E Esmeraldes
0%
No matching quizzes found
Score Distribution
Percent of People with Each Score
Percentile by Number Answered
Your Score History
You have not taken this quiz